[Event "Botvinnik Cup 2018"]
[Site "Moscow"]
[Date "2018.08.14"]
[Round "7"]
[White "Nurmanova, Alua"]
[Black "Sevdimaliyev, Urfan"]
[Result "1/2-1/2"]
[WhiteElo "1825"]
[BlackElo "2388"]
[Annotator "NA"]
[PlyCount "106"]
[EventDate "2018.08.10"]
[EventCountry "RUS"]
[SourceTitle "playchess.com"]
[Source "ChessBase"]
[SourceQuality "1"]
[TimeControl "5400+30"]

1. e4 {[%emt 0:00:00]} c5 {[%emt 0:00:00]} 2. Nf3 {[%emt 0:00:00]} Nc6 {[%emt 0:00:00]} 3. d4 {[%emt 0:00:00]} cxd4 {[%emt 0:00:00]} 4. Nxd4 {[%emt 0:00:00]} Nf6 {[%emt 0:00:11]} 5. Nc3 {[%emt 0:00:00]} e5 {[%emt 0:00:04]} 6. Ndb5 {[%emt 0:00:03]} d6 {[%emt 0:00:08]} 7. Bg5 {[%emt 0:00:06]} a6 {[%emt 0:00:02]} 8. Na3 {[%emt 0:00:09]} b5 {[%emt 0:00:10]} 9. Nd5 {[%emt 0:00:09]} Be7 {[%emt 0:00:09]} 10. Bxf6 {[%emt 0:00:08]} Bxf6 {[%emt 0:00:29]} 11. c3 {[%emt 0:00:08]} Bg5 {[%emt 0:00:08]} 12. Nc2 {[%emt 0:00:57]} Ne7 {[%emt 0:00:12]} 13. a4 {[%emt 0:13:11] B33: Sicilian: Pelikan and Sveshnikov Variations} (13. h4 Bh6 14. a4 bxa4 15. Ncb4 O-O 16. Qxa4 a5 17. Bb5 Nxd5 18. Nxd5 Be6 19. Bc6 Rb8 20. b4 axb4 21. cxb4 {½-½ (31) Kovalev,V (2639)-Zhigalko,S (2620) Minsk 2018}) 13... bxa4 {[%emt 0:02:52]} 14. Ncb4 {[%emt 0:01:33]} O-O {[%emt 0:01:26]} 15. Rxa4 {[%emt 0:02:43]} a5 {[%emt 0:04:23]} 16. Nxe7+ {[%emt 0:03:44]} Qxe7 {[%emt 0:05:03]} 17. Nd5 {[%emt 0:02:45]} Qb7 {[%emt 0:00:29]} 18. b3 {[%emt 0:21:27]} Bd7 {[%emt 0:08:43]} 19. Ra2 {[%emt 0:09:39]} f5 {[%emt 0:06:45]} 20. Bc4 {[%emt 0:14:07]} Kh8 {[%emt 0:00:08]} 21. exf5 {[%emt 0:05:03]} Rxf5 {[%emt 0:01:00]} 22. O-O $146 {[%emt 0:00:41]} g6 {[%emt 0:06:57]} 23. Qa1 {[%emt 0:08:31]} Bd8 {[%emt 0:00:36]} 24. Rd1 {[%emt 0:05:12]} Rc8 {[%emt 0:03:38]} 25. Ne3 {[%emt 0:02:31]} Rf6 {[%emt 0:01:08]} 26. Bd5 {[%emt 0:01:23]} Qb5 {[%emt 0:18:25]} 27. Bc4 {[%emt 0:05:25]} Qb8 {[%emt 0:01:03]} 28. Rad2 {[%emt 0:01:45]} Rc5 {[%emt 0:05:19]} 29. Nd5 {[%emt 0:01:14]} (29. b4 $16 axb4 30. cxb4) 29... Rf8 {[%emt 0:05:16]} 30. Ne3 {[%emt 0:00:31]} Rc6 {[%emt 0:01:42]} 31. Bd5 {[%emt 0:01:19]} Rc8 {[%emt 0:12:50]} 32. Nc4 {[%emt 0:00:52]} Rc5 {[%emt 0:03:42]} 33. Nxd6 {[%emt 0:00:38]} Qxd6 {[%emt 0:00:57]} 34. Bf3 {[%emt 0:00:09]} Qf6 {[%emt 0:02:18]} 35. Rxd7 {[%emt 0:00:10]} e4 {[%emt 0:00:16]} 36. R1d6 {[%emt 0:00:47]} Qf4 {[%emt 0:05:03]} 37. Rxd8 exf3 {[%emt 0:02:31]} 38. c4+ {[%emt 0:01:01]} Kg8 {[%emt 0:00:42]} 39. Qd1 {[%emt 0:00:41]} Rcf5 {[%emt 0:00:47]} 40. Rxf8+ {[%emt 0:00:25]} Rxf8 {[%emt 0:00:25]} 41. Qd5+ {[%emt 0:00:30]} Kh8 {[%emt 0:00:42]} 42. Qd4+ {[%emt 0:00:36]} Qxd4 {[%emt 0:00:06]} 43. Rxd4 {[%emt 0:00:03]} Rb8 {[%emt 0:00:14]} 44. gxf3 {[%emt 0:00:48]} Rxb3 {[%emt 0:00:03]} 45. Rd5 {[%emt 0:00:39]} a4 {[%emt 0:00:21]} 46. Ra5 {[%emt 0:00:07]} a3 {[%emt 0:00:23]} 47. Kg2 {[%emt 0:00:18]} Rc3 48. c5 {[%emt 0:00:31]} Kg7 {[%emt 0:00:43] [#]} 49. c6 $1 {[%emt 0:00:49]} Rxc6 {[%emt 0:00:02]} 50. Rxa3 $11 {[%emt 0:00:05]} Rc7 {[%emt 0:00:29]} 51. Ra6 {[%emt 0:00:17]} Rb7 {[%emt 0:00:15]} 52. Kg3 {[%emt 0:00:41]} Rc7 {[%emt 0:00:41]} 53. h3 {[%emt 0:00:52]} Rb7 {[%emt 0:00:04]} 1/2-1/2

[Event "Botvinnik Cup 2018"]
[Site "Moscow"]
[Date "2018.08.14"]
[Round "7"]
[White "Balabayeva, Xeniya"]
[Black "Sevdimaliyev, Urfan"]
[Result "1-0"]
[WhiteElo "1788"]
[BlackElo "2388"]
[Annotator "NA"]
[PlyCount "87"]
[EventDate "2018.08.10"]
[EventCountry "RUS"]
[SourceTitle "playchess.com"]
[Source "ChessBase"]
[SourceQuality "1"]
[TimeControl "5400+30"]

1. e4 {[%emt 0:00:00]} c5 {[%emt 0:00:00]} 2. Nf3 {[%emt 0:00:00]} Nc6 {[%emt 0:00:00]} 3. d4 {[%emt 0:00:00]} cxd4 {[%emt 0:00:00]} 4. Nxd4 {[%emt 0:00:00]} g6 {[%emt 0:00:16]} 5. Nc3 {[%emt 0:00:00]} Bg7 {[%emt 0:00:03]} 6. Be3 {[%emt 0:00:05]} Nf6 {[%emt 0:00:08]} 7. Nxc6 {[%emt 0:00:15]} bxc6 {[%emt 0:00:06]} 8. e5 {[%emt 0:00:28]} Ng8 {[%emt 0:00:15]} 9. Bd4 {[%emt 0:00:59]} f6 {[%emt 0:00:41]} 10. exf6 {[%emt 0:02:37] B34: Sizilianisch (Beschleunigtes Fianchetto)} Nxf6 {[%emt 0:00:30]} 11. Be2 {[%emt 0:02:10]} (11. Bc4 d5 12. Bb3 O-O 13. O-O Rb8 14. Bxa7 Rb4 15. f3 Ba6 16. Re1 Qd6 17. Bf2 Kh8 {0-1 (65) Sychev,K (2510)-Antipov,M (2588) Moscow 2017}) 11... O-O {[%emt 0:01:43]} 12. O-O {[%emt 0:01:26]} d6 {[%emt 0:00:48]} 13. f4 {[%emt 0:11:31]} Rb8 {[%emt 0:01:41]} 14. Rb1 $146 {[%emt 0:01:59]} ({Vorgänger:} 14. Nb1 Be6 15. Bf3 Bd5 16. Nd2 Rb4 17. Nb3 Bxf3 18. Rxf3 {½-½ (41) Amos,B-Baumbach,F Siegen 1970}) 14... c5 {[%emt 0:10:18]} 15. Bf2 {[%emt 0:02:16]} Rb4 {[%emt 0:04:18]} 16. Qd2 {[%emt 0:06:29]} Bh6 {[%emt 0:23:30]} 17. Be3 {[%emt 0:07:16]} Be6 {[%emt 0:03:24]} 18. a3 {[%emt 0:03:18]} Rb8 {[%emt 0:05:44]} 19. h3 {[%emt 0:10:33]} Qa5 {[%emt 0:01:40]} (19... Qc7 $14) 20. Bf3 {[%emt 0:04:05]} Rfd8 {[%emt 0:02:55]} 21. f5 {[%emt 0:02:02]} Bxe3+ {[%emt 0:02:50]} 22. Qxe3 {[%emt 0:00:03]} Bxf5 {[%emt 0:00:39]} 23. Qxe7 {[%emt 0:01:27]} Rf8 {[%emt 0:01:42]} 24. g4 {[%emt 0:16:13]} Rbe8 {[%emt 0:06:10]} 25. Qxd6 {[%emt 0:01:53]} Rd8 $1 {[%emt 0:02:18] [#]} 26. Qe5 {[%emt 0:03:05]} ({White should try} 26. Qh2 $1 $16 Be6 27. Rbe1) 26... Rde8 $1 {[%emt 0:03:49]} 27. Qd6 {[%emt 0:04:40]} Rd8 {[%emt 0:01:04]} 28. Qe5 {[%emt 0:02:10]} Rde8 {[%emt 0:01:05]} 29. Qd6 {[%emt 0:01:05]} Rd8 {[%emt 0:03:16] [#]} 30. Qc6 {[%emt 0:01:49]} Bxc2 {[%emt 0:02:47]} ({Black should play} 30... Bd7 $14 31. Qd6 Kh8) 31. Bd5+ {[%emt 0:08:40]} Nxd5 {[%emt 0:02:00]} 32. Rxf8+ {[%emt 0:00:32]} Rxf8 {[%emt 0:00:08]} 33. Qxd5+ {[%emt 0:00:10]} Kg7 {[%emt 0:01:57]} 34. Qe5+ {[%emt 0:01:29]} Kg8 {[%emt 0:00:14]} 35. Qe6+ {[%emt 0:01:24]} Kg7 $18 {[%emt 0:01:15] [#]} (35... Rf7 $16) 36. Rc1 $1 {[%emt 0:00:10]} Ba4 {[%emt 0:05:26]} 37. Qe5+ {[%emt 0:03:15]} Kg8 {[%emt 0:00:19]} 38. Qd5+ {[%emt 0:01:04]} Kg7 {[%emt 0:00:13]} 39. Re1 {[%emt 0:00:59]} Rf7 {[%emt 0:03:07]} 40. Re6 {[%emt 0:01:23]} Bd7 {[%emt 0:02:30]} 41. Rd6 {[%emt 0:00:53]} Qd8 {[%emt 0:01:38]} 42. Qe5+ {[%emt 0:00:18]} Kg8 {[%emt 0:00:10]} 43. Nd5 {[%emt 0:00:17]} Qh4 {[%emt 0:01:06]} 44. Nf6+ {[%emt 0:00:28]} 1-0

[Event "Botvinnik Cup 2018"]
[Site "Moscow"]
[Date "2018.08.14"]
[Round "7"]
[White "Omonova, Umida"]
[Black "Atabayev, Maksat"]
[Result "0-1"]
[WhiteElo "1762"]
[BlackElo "2505"]
[Annotator "TA"]
[PlyCount "54"]
[EventDate "2018.08.10"]
[EventCountry "RUS"]
[SourceTitle "playchess.com"]
[Source "ChessBase"]
[SourceQuality "1"]

{[%evp 21,54,2,10,0,-6,0,-9,-22,-16,-40,-39,-47,-53,-49,-45,-51,-52,-96,-83,-127,-95,-202,-204,-237,-238,-337,-322,-334,-324,-492,-489,-1300,-1283,-29985,-29983]} 1. e4 c5 2. Nf3 Nc6 3. Bb5 g6 4. O-O Bg7 5. Re1 Nf6 6. c3 O-O 7. d4 cxd4 8. cxd4 d5 9. e5 Ne4 10. Bxc6 bxc6 11. Nbd2 c5 {LiveBook: 114 Games} 12. Nxe4 {B31: Sicilian: 2...Nc6 3 Bb5 g6} dxe4 13. Rxe4 Bb7 14. Re1 {The position is equal.} Bxf3 (14... c4 15. Ng5 Qd5 16. f3 Rab8 17. Be3 Bc8 18. Qc2 Bf5 19. Ne4 Rb7 {0-1 (58) Alonso Rosell,A (2536)-Kovalenko,I (2657) Minsk 2017}) 15. gxf3 $146 ({Predecessor:} 15. Qxf3 cxd4 16. Bg5 Rb8 17. Qa3 Rb7 {1-0 (79) Protaziuk,G (2349)-Paszewski,M (2293) Jastrzebia Gora 2015}) 15... cxd4 16. Qd3 Qd5 $36 {[%mdl 2048] Black has some pressure.} 17. Bf4 f6 {[%cal Rf6e5,Bf7f6,Bf6f5][%mdl 32]} 18. e6 Rac8 19. Rad1 f5 20. b3 Rc6 21. Qe2 (21. Rc1 $17) 21... Rf6 $19 {[%cal Bf8f6,Bf6e6,Be6e1][%mdl 32]} 22. Qe5 Qxf3 23. Qxd4 (23. Qb8+ $142 Rf8 24. Qb7) 23... Rfxe6 24. Qa4 Kf7 {[#] And now ...Re4 would win.} 25. Bg3 (25. Rb1 {was called for.}) 25... g5 26. Qa5 (26. Qb5 $142 a6 27. Qf1) 26... Bc3 27. Qb5 Rxe1+ {Precision: White = 29%, Black = 87%.} 0-1

[Event "Botvinnik Cup 2018"]
[Site "Moscow"]
[Date "2018.08.14"]
[Round "7"]
[White "Annageldiyev, Azatgeldi"]
[Black "Egin, Vladimir"]
[Result "1-0"]
[WhiteElo "1727"]
[BlackElo "2317"]
[Annotator "NA"]
[PlyCount "107"]
[EventDate "2018.08.10"]
[EventCountry "RUS"]
[SourceTitle "playchess.com"]
[Source "ChessBase"]
[SourceQuality "1"]
[TimeControl "5400+30"]

1. d4 {[%emt 0:00:00]} d5 {[%emt 0:00:00]} 2. Bf4 {[%emt 0:00:00]} Nf6 {[%emt 0:00:00]} 3. e3 {[%emt 0:00:01]} c5 {[%emt 0:00:05]} 4. c3 {[%emt 0:00:05]} Nc6 {[%emt 0:00:05]} 5. Nd2 {[%emt 0:01:10]} Bf5 {[%emt 0:00:07]} 6. Ngf3 {[%emt 0:01:30]} e6 {[%emt 0:02:15]} 7. Ne5 {[%emt 0:02:47] D00: 1 d4 d5: Unusual lines} (7. Be2 Bd6 8. dxc5 Bxc5 9. Nd4 Bg6 10. Qa4 O-O 11. Nxc6 bxc6 12. Qxc6 Rc8 13. Qa4 Re8 14. O-O e5 {0-1 (57) Le,Q (2737)-Ding,L (2777) Riadh 2017}) 7... Nxe5 {[%emt 0:01:17]} 8. Bxe5 {[%emt 0:01:21]} Nd7 {[%emt 0:00:22]} 9. Nf3 {[%emt 0:01:40]} a6 {[%emt 0:02:47]} 10. Bg3 $146 {[%emt 0:06:48]} ({Predecessor:} 10. Bd3 Bxd3 11. Qxd3 Nxe5 12. Nxe5 Bd6 13. O-O O-O 14. Rfe1 f6 {½-½ (43) Ypma,J (1542)-Reichardt,R (1855) Assen 2017}) 10... Be7 {[%emt 0:00:08]} 11. Bd3 {[%emt 0:00:07]} Bxd3 {[%emt 0:00:16]} 12. Qxd3 {[%emt 0:00:01]} O-O {[%emt 0:00:09]} 13. h4 {[%emt 0:02:20]} f5 {[%emt 0:10:03]} 14. Qe2 {[%emt 0:06:52]} b5 {[%emt 0:00:50]} 15. Ne5 {[%emt 0:25:53]} Nxe5 {[%emt 0:00:57]} 16. Bxe5 {[%emt 0:00:01]} Bd6 {[%emt 0:00:30]} 17. Bf4 {[%emt 0:06:21]} cxd4 {[%emt 0:03:10]} 18. Bxd6 {[%emt 0:03:17]} d3 {[%emt 0:00:15]} 19. Qxd3 {[%emt 0:00:37]} Qxd6 {[%emt 0:00:02]} 20. O-O {[%emt 0:02:53]} Rac8 {[%emt 0:00:32]} 21. b3 {[%emt 0:05:13]} Rc5 {[%emt 0:06:24]} 22. Rfc1 {[%emt 0:08:05]} Rfc8 {[%emt 0:05:42]} 23. Rc2 {[%emt 0:00:55]} Qc6 {[%emt 0:04:14]} 24. Rac1 {[%emt 0:00:46]} b4 {[%emt 0:00:37]} 25. c4 {[%emt 0:00:44]} dxc4 {[%emt 0:07:36]} 26. Rxc4 {[%emt 0:07:44]} Qb6 {[%emt 0:11:25]} 27. Qd4 {[%emt 0:08:13]} Rxc4 {[%emt 0:02:21]} 28. Rxc4 {[%emt 0:00:11]} Qb7 {[%emt 0:00:49]} 29. Rxc8+ {[%emt 0:01:22]} Qxc8 {[%emt 0:00:33]} 30. Qxb4 {[%emt 0:00:02]} Qc1+ {[%emt 0:00:29]} 31. Kh2 {[%emt 0:00:01]} Qc2 {[%emt 0:00:55]} 32. Qe7 {[%emt 0:05:22]} h6 $2 {[%emt 0:01:32]} (32... Qc6 $16 {is a better defense.} 33. h5 h6) 33. Qxe6+ {[%emt 0:00:31]} Kh8 {[%emt 0:00:03]} 34. Kg3 {[%emt 0:01:17]} ({Much less strong is} 34. Qxa6 Qxf2 35. Qc4 Qxa2 $18) 34... Qc7+ {[%emt 0:00:36]} 35. Kf3 {[%emt 0:01:02]} Qc2 {[%emt 0:01:18]} 36. Qc4 {[%emt 0:01:35]} Qd1+ {[%emt 0:00:27]} 37. Kg3 {[%emt 0:00:18]} Qd6+ {[%emt 0:01:40]} 38. Kh3 {[%emt 0:00:19]} Kh7 {[%emt 0:00:20]} 39. b4 {[%emt 0:01:19]} Qd1 {[%emt 0:00:25]} 40. Qf4 {[%emt 0:00:41]} Qb1 {[%emt 0:00:47]} 41. a4 {[%emt 0:00:25]} Kg6 {[%emt 0:00:08]} 42. Qg3+ {[%emt 0:00:39]} Kh5 {[%emt 0:00:58]} 43. Qf3+ {[%emt 0:00:16]} Kg6 {[%emt 0:00:03]} 44. Qf4 {[%emt 0:00:31]} Qc2 {[%emt 0:03:05]} 45. b5 {[%emt 0:00:40]} axb5 {[%emt 0:00:02]} 46. axb5 {[%emt 0:00:06]} Qb1 {[%emt 0:00:02]} 47. h5+ {[%emt 0:00:54]} Kf6 {[%emt 0:01:06]} 48. Qd6+ {[%emt 0:00:15]} Kf7 {[%emt 0:00:04]} 49. b6 {[%emt 0:00:29]} Qh1+ {[%emt 0:00:08]} 50. Kg3 {[%emt 0:00:45]} Qxh5 {[%emt 0:00:02]} 51. b7 {[%emt 0:00:33]} g5 {[%emt 0:00:35]} 52. Qd5+ {[%emt 0:00:17]} Kf6 {[%emt 0:01:04]} 53. Qd4+ {[%emt 0:00:16]} Ke6 {[%emt 0:00:14]} 54. b8=Q {[%emt 0:00:37] Kd5} 1-0

[Event "Botvinnik Cup 2018"]
[Site "Moscow"]
[Date "2018.08.14"]
[Round "7"]
[White "Saryev, Azim"]
[Black "Egin, Vladimir"]
[Result "0-1"]
[WhiteElo "1586"]
[BlackElo "2317"]
[Annotator "NA"]
[PlyCount "60"]
[EventDate "2018.08.10"]
[EventCountry "RUS"]
[SourceTitle "playchess.com"]
[Source "ChessBase"]
[SourceQuality "1"]
[TimeControl "5400+30"]

1. d4 {[%emt 0:00:00]} d5 {[%emt 0:00:00]} 2. Nf3 {[%emt 0:00:00]} Nf6 {[%emt 0:00:00]} 3. Bf4 {[%emt 0:00:00]} c5 {[%emt 0:00:00]} 4. c3 {[%emt 0:01:45]} Qb6 {[%emt 0:00:37]} 5. Qb3 {[%emt 0:00:28]} Nc6 {[%emt 0:00:10]} 6. e3 {[%emt 0:02:03]} c4 {[%emt 0:00:20]} 7. Qxb6 {[%emt 0:00:06]} axb6 {[%emt 0:00:03]} 8. Na3 {[%emt 0:16:57]} Bf5 {[%emt 0:00:24]} 9. Nh4 {[%emt 0:10:13] D02: 1 d4 d5 2 Nf3 sidelines, including 2...Nf6 3 g3 and 2...Nf6 3 Bf4} (9. Nb5 Kd7 10. Be2 e6 11. O-O Ra5 12. a4 Bc2 13. Ng5 Bg6 14. Rfc1 Be7 15. Nf3 Rha8 16. Nc7 Rc8 {0-1 (35) Javakhishvili,L (2465)-Girya,O (2482) Tbilisi 2018}) 9... Bd7 {[%emt 0:02:26]} 10. Bc7 {[%emt 0:27:38]} e5 {[%emt 0:00:48]} 11. Nb5 {[%emt 0:06:50]} Nb4 $146 {[%emt 0:07:38]} ({Predecessor:} 11... Nxd4 12. exd4 Bxb5 13. dxe5 Ng4 14. Be2 Kd7 15. Bxb6 Nxe5 16. O-O Kc6 {1-0 (58) Sillye,K (2094)-Czegledi,L (2162) Hungary 2010}) 12. cxb4 {[%emt 0:20:50]} Bxb5 {[%emt 0:00:54]} 13. f3 {[%emt 0:00:47]} Bxb4+ {[%emt 0:00:44]} 14. Kf2 {[%emt 0:00:04]} exd4 {[%emt 0:00:26]} 15. exd4 {[%emt 0:00:03]} Bd7 {[%emt 0:04:00]} 16. g4 {[%emt 0:00:49]} b5 {[%emt 0:05:15]} 17. g5 {[%emt 0:06:07]} Ng8 {[%emt 0:03:04]} 18. a3 {[%emt 0:03:30]} Be7 {[%emt 0:03:17]} 19. f4 {[%emt 0:00:34]} h6 {[%emt 0:00:13]} 20. Nf3 {[%emt 0:00:14]} b4 {[%emt 0:05:01]} 21. Bg2 {[%emt 0:00:57]} bxa3 {[%emt 0:00:20]} 22. Rhe1 {[%emt 0:00:15]} Rc8 {[%emt 0:00:52]} 23. Bd6 {[%emt 0:00:37]} axb2 {[%emt 0:09:45]} 24. Rxe7+ {[%emt 0:00:25]} Nxe7 {[%emt 0:00:04]} 25. Re1 {[%emt 0:00:03]} Be6 {[%emt 0:00:07]} 26. g6 {[%emt 0:00:56]} Kd7 {[%emt 0:04:49]} 27. Ba3 {[%emt 0:00:22]} Nxg6 {[%emt 0:01:20]} 28. Bxb2 $19 {[%emt 0:00:46]} Nxf4 {[%emt 0:02:57]} 29. Ne5+ {[%emt 0:00:17]} Kc7 {[%emt 0:00:26]} 30. Rc1 {[%emt 0:00:37]} f6 {[%emt 0:02:33]} 0-1

[Event "Botvinnik Cup 2018"]
[Site "Moscow"]
[Date "2018.08.14"]
[Round "7"]
[White "Mikhailova, Alina"]
[Black "Korotylev, Alexey"]
[Result "0-1"]
[WhiteElo "1398"]
[BlackElo "2573"]
[Annotator "TA"]
[PlyCount "84"]
[EventDate "2018.08.10"]
[EventCountry "RUS"]
[SourceTitle "playchess.com"]
[Source "ChessBase"]
[SourceQuality "1"]

{[%evp 21,84,20,40,-25,-32,-22,-22,-41,-52,-58,0,-18,28,35,50,23,40,0,0,0,0,0,0,0,0,2,3,0,20,0,0,-35,-46,-32,-12,-22,0,-86,-69,-98,-93,-142,-125,-241,-212,-222,-202,-235,-223,-231,-216,-235,-237,-264,-203,-283,-275,-262,-249,-1456,-1384,-5497,-5489,-5481,-5446]} 1. d4 Nf6 2. c4 e6 3. Nc3 Bb4 4. Qc2 O-O 5. Nf3 c5 6. dxc5 Na6 7. g3 Nxc5 8. Bg2 b6 9. O-O {E39: Nimzo-Indian: Classical: 4...c5 5 dxc5 0-0} Bb7 10. Nb5 Be4 11. Qd1 a6 {LiveBook: 12 Games} 12. Nbd4 (12. Nd6 $14 Bc6 13. Bg5) (12. Nd6 Bc6 13. Bf4 Nce4 14. Rc1 Bxd6 15. Bxd6 Nxd6 16. Qxd6 Qb8 {½-½ (50) Swiercz,D (2663)-Lenderman,A (2615) Philadelphia 2018}) 12... Nb7 $1 $11 13. a3 Be7 14. b3 {[%cal Bb2b3,Bb3b4][%mdl 32]} Rc8 15. Bb2 $146 ({Predecessor:} 15. Ne5 Bxg2 16. Kxg2 Qc7 {½-½ (43) Harazinska,E (2034)-Kowalczyk,R (2158) Warsaw 2015}) 15... d6 (15... Na5 $15) 16. Bh3 Nc5 17. b4 $36 {[%mdl 2048] White is pushing.} Ncd7 18. Rc1 h6 19. Qd2 Qc7 20. Rfd1 Rfe8 21. Qe1 Qb8 22. Nd2 Ba8 23. e4 Bf8 24. Qe2 Bb7 25. f3 d5 26. N4b3 dxe4 27. Nxe4 Nxe4 28. fxe4 (28. Rxd7 {feels hotter.} Nf6 29. Rd3 Rcd8 30. Re3 a5 31. Bc3) 28... Bc6 {[%cal Bb7c6,Bc6a4,Ba4b3][%mdl 32]} 29. e5 (29. Rf1 $11 {remains equal.}) 29... Ba4 $17 30. Rd3 a5 $1 31. b5 Bxb3 32. Rxd7 (32. Rxb3 $17 Nc5 33. Rf3) 32... Rc7 33. Rxc7 Qxc7 34. Bg2 Rd8 {[%cal Be8d8,Bd8d4,Bd4e4][%mdl 32]} 35. Bc6 Bc5+ 36. Kh1 Qe7 37. Ra1 a4 38. Be4 Bd4 39. Bxd4 Rxd4 40. Bd3 $2 (40. Qe3 Qc5 41. Re1) 40... Qd8 $19 {Black is clearly winning.} 41. Be4 Bxc4 42. Qe3 {[#]} Rxe4 $1 {[%mdl 512] Precision: White = 24%, Black = 74%.} 0-1